000 00531nam a22001817a 4500
003 CEME
005 20210628203326.0
008 210126b xxu||||| |||| 00| 0 eng d
020 _a81-219-2729-3
040 _c.
082 _a621.3 MEH
100 _aMehta, V.K, Mehta, Rohit
_964136
245 _aPrinciples of electrical engineering and electronics
260 _aNEW DELHI
_bS.CHAND
_c2008
300 _aXVI,876P
650 _aELECTRICAL ENGINEERING-PRINCIPLES. ELECTRONICS ENGINEERING-PRINCIPLES.
_964739
942 _cBK
_2ddc
999 _c573146
_d573146